| 000 | 00792nam a2200265 i 4500 | ||
|---|---|---|---|
| 001 | bg | ||
| 100 | 1 | _aWATCYN-JONES, Peter | |
| 245 | 1 | 0 |
_aGrammar 1 : _bgames and activities / _cPeter Watcyn-Jones and Deirdre Howard-Williams. |
| 250 | _aNew ed. | ||
| 260 |
_aHarlow : _bPenguin Books, _c2001. |
||
| 300 |
_aVIII, 133 s. ; _c28 cm. |
||
| 490 | 1 | _aPenguin English Photocopiables | |
| 650 | 9 |
_aJęzyk angielski _xnauczanie |
|
| 650 | 9 |
_aJęzyk angielski _xgramatyka |
|
| 655 | _aĆwiczenia i zadania | ||
| 700 | 1 | _aHOWARD-WILLIAMS, Deirdre | |
| 830 | _aPenguin English Photocopiables | ||
| 020 | _a058246563X | ||
| 040 | _cBPK | ||
| 041 | 0 | _aen | |
| 080 | _a372.881.111.1:811.111'37](07) | ||
| 920 | _a0-582-46563-X | ||
| 942 | _cKS | ||
| 008 | s pl f |000 0 pol | ||
| 999 |
_c40518 _d40518 |
||